<?xml version="1.0" encoding="UTF-8"?>
<record
    xmlns:xsi="http://www.w3.org/2001/XMLSchema-instance"
    xsi:schemaLocation="http://www.loc.gov/MARC21/slim http://www.loc.gov/standards/marcxml/schema/MARC21slim.xsd"
    xmlns="http://www.loc.gov/MARC21/slim">

  <leader>03136cam a22003494a 4500</leader>
  <controlfield tag="001">15817754</controlfield>
  <controlfield tag="005">20100526112657.0</controlfield>
  <controlfield tag="008">090714s2010    nyua     b    001 0 eng  </controlfield>
  <datafield tag="010" ind1=" " ind2=" ">
    <subfield code="a">  2009029027</subfield>
  </datafield>
  <datafield tag="016" ind1="7" ind2=" ">
    <subfield code="a">101510655</subfield>
    <subfield code="2">DNLM</subfield>
  </datafield>
  <datafield tag="020" ind1=" " ind2=" ">
    <subfield code="a">0071497013 (hardcover : alk. paper)</subfield>
  </datafield>
  <datafield tag="020" ind1=" " ind2=" ">
    <subfield code="a">9780071497015 (hardcover : alk. paper)</subfield>
  </datafield>
  <datafield tag="035" ind1=" " ind2=" ">
    <subfield code="a">(OCoLC)ocn426115410</subfield>
  </datafield>
  <datafield tag="040" ind1=" " ind2=" ">
    <subfield code="a">DNLM/DLC</subfield>
    <subfield code="c">DLC</subfield>
    <subfield code="d">BTCTA</subfield>
    <subfield code="d">YDXCP</subfield>
    <subfield code="d">NLM</subfield>
    <subfield code="d">C#P</subfield>
    <subfield code="d">VAM</subfield>
    <subfield code="d">CDX</subfield>
    <subfield code="d">JVD</subfield>
    <subfield code="d">DLC</subfield>
  </datafield>
  <datafield tag="042" ind1=" " ind2=" ">
    <subfield code="a">pcc</subfield>
  </datafield>
  <datafield tag="050" ind1="0" ind2="0">
    <subfield code="a">RG524</subfield>
    <subfield code="b">.W7 2010</subfield>
  </datafield>
  <datafield tag="082" ind1="0" ind2="0">
    <subfield code="a">618.2</subfield>
    <subfield code="2">22</subfield>
    <subfield code="b">WIL</subfield>
  </datafield>
  <datafield tag="245" ind1="0" ind2="0">
    <subfield code="a">Williams Obstetrics /</subfield>
    <subfield code="c">[edited by] F. Gary Cunningham ... [et al.].</subfield>
  </datafield>
  <datafield tag="246" ind1="3" ind2="0">
    <subfield code="a">Obstetrics</subfield>
  </datafield>
  <datafield tag="250" ind1=" " ind2=" ">
    <subfield code="a">23rd ed. /</subfield>
  </datafield>
  <datafield tag="260" ind1=" " ind2=" ">
    <subfield code="a">New York :</subfield>
    <subfield code="b">McGraw-Hill Medical, 2010</subfield>
    <subfield code="c">c2010.</subfield>
  </datafield>
  <datafield tag="300" ind1=" " ind2=" ">
    <subfield code="a">xv, 1385 p. :</subfield>
    <subfield code="b">ill. (some col.) ;</subfield>
    <subfield code="c">29 cm.</subfield>
  </datafield>
  <datafield tag="504" ind1=" " ind2=" ">
    <subfield code="a">Includes bibliographical references and index.</subfield>
  </datafield>
  <datafield tag="505" ind1="0" ind2="0">
    <subfield code="t">Overview of obstetrics  --</subfield>
    <subfield code="t">Maternal anatomy  --</subfield>
    <subfield code="t">Implantation, embryogenesis, and placental development  --</subfield>
    <subfield code="t">Fetal growth and development  --</subfield>
    <subfield code="t">Maternal physiology  --</subfield>
    <subfield code="t">Parturition  --</subfield>
    <subfield code="t">Preconceptional counseling  --</subfield>
    <subfield code="t">Abortion  --</subfield>
    <subfield code="t">Ectopic pregnancy  --</subfield>
    <subfield code="t">Gestational trophoblastic disease  --</subfield>
    <subfield code="t">Genetics  --</subfield>
    <subfield code="t">Prenatal diagnosis and fetal therapy  --</subfield>
    <subfield code="t">Teratology and medications that affect the fetus  --</subfield>
    <subfield code="t">Antepartum assessment  --</subfield>
    <subfield code="t">Fetal imaging  --</subfield>
    <subfield code="t">Normal labor and delivery  --</subfield>
    <subfield code="t">Intrapartum assessment  --</subfield>
    <subfield code="t">Obstetrical anesthesia  --</subfield>
    <subfield code="t">Abnormal labor  --</subfield>
    <subfield code="t">Disorders of amnionic fluid volume  --</subfield>
    <subfield code="t">Labor induction  --</subfield>
    <subfield code="t">Forceps delivery and vacuum extraction  --</subfield>
    <subfield code="t">Breech presentation and delivery  --</subfield>
    <subfield code="t">Cesarean delivery and peripartum hysterectomy  --</subfield>
    <subfield code="t">Prior cesarean delivery  --</subfield>
    <subfield code="t">Abnormalities of the placenta, umbilical cord, and membranes  --</subfield>
    <subfield code="t">The newborn infant  --</subfield>
    <subfield code="t">Diseases and injuries of the fetus and newborn  --</subfield>
    <subfield code="t">The puerperium  --</subfield>
    <subfield code="t">Puerperal infection  --</subfield>
    <subfield code="t">Contraception  --</subfield>
    <subfield code="t">Sterilization  --</subfield>
    <subfield code="t">Pregnancy hypertension  --</subfield>
    <subfield code="t">Obstetrical hemorrhage  --</subfield>
    <subfield code="t">Preterm birth  --</subfield>
    <subfield code="t">Postterm pregnancy  --</subfield>
    <subfield code="t">Fetal growth disorders  --</subfield>
    <subfield code="t">Multifetal gestation  --</subfield>
    <subfield code="t">Reproductive tract abnormalities  --</subfield>
    <subfield code="t">General considerations and maternal evaluation  --</subfield>
    <subfield code="t">Critical care and trauma  --</subfield>
    <subfield code="t">Obesity  --</subfield>
    <subfield code="t">Cardiovascular disease  --</subfield>
    <subfield code="t">Chronic hypertension  --</subfield>
    <subfield code="t">Pulmonary disorders  --</subfield>
    <subfield code="t">Thromboembolic disorders  --</subfield>
    <subfield code="t">Renal and urinary tract disorders  --</subfield>
    <subfield code="t">Gastrointestinal disorders  --</subfield>
    <subfield code="t">Hepatic, gallbladder, and pancreatic disorders  --</subfield>
    <subfield code="t">Hematological disorders  --</subfield>
    <subfield code="t">Diabetes  --</subfield>
    <subfield code="t">Thyroid and other endocrine disorders  --</subfield>
    <subfield code="t">Connective-tissue disorders  --</subfield>
    <subfield code="t">Neurological and psychiatric disorders  --</subfield>
    <subfield code="t">Dermatological disorders  --</subfield>
    <subfield code="t">Neoplastic diseases  --</subfield>
    <subfield code="t">Infectious diseases  --</subfield>
    <subfield code="t">Sexually transmitted diseases.</subfield>
  </datafield>
  <datafield tag="650" ind1=" " ind2="0">
    <subfield code="a">Obstetrics.</subfield>
    <subfield code="9">27318</subfield>
  </datafield>
  <datafield tag="653" ind1=" " ind2=" ">
    <subfield code="b">NUR</subfield>
    <subfield code="c">September2011</subfield>
  </datafield>
  <datafield tag="700" ind1="1" ind2=" ">
    <subfield code="a">Cunningham, F. Gary.</subfield>
    <subfield code="9">27319</subfield>
  </datafield>
  <datafield tag="700" ind1="1" ind2=" ">
    <subfield code="a">Williams, J. Whitridge</subfield>
    <subfield code="q">(John Whitridge),</subfield>
    <subfield code="d">1866-1931.</subfield>
    <subfield code="9">27320</subfield>
  </datafield>
  <datafield tag="942" ind1=" " ind2=" ">
    <subfield code="2">ddc</subfield>
    <subfield code="c">REFERENCE</subfield>
  </datafield>
  <datafield tag="999" ind1=" " ind2=" ">
    <subfield code="c">16066</subfield>
    <subfield code="d">16066</subfield>
  </datafield>
  <datafield tag="952" ind1=" " ind2=" ">
    <subfield code="0">0</subfield>
    <subfield code="1">0</subfield>
    <subfield code="2">ddc</subfield>
    <subfield code="4">0</subfield>
    <subfield code="7">0</subfield>
    <subfield code="8">Baccah</subfield>
    <subfield code="a">MAIN</subfield>
    <subfield code="b">MAIN</subfield>
    <subfield code="c">0TH</subfield>
    <subfield code="d">2011-09-19</subfield>
    <subfield code="e">purchase</subfield>
    <subfield code="g">597.00</subfield>
    <subfield code="h">143</subfield>
    <subfield code="l">0</subfield>
    <subfield code="o">618.2 WIL</subfield>
    <subfield code="p">000024778</subfield>
    <subfield code="r">2025-07-15 00:00:00</subfield>
    <subfield code="y">REFERENCE</subfield>
  </datafield>
</record>
